Kalachi(കലാച്ചി) (Record no. 115338)

MARC details
000 -LEADER
fixed length control field 00408 a2200157 4500
005 - DATE AND TIME OF LATEST TRANSACTION
control field 20260328112102.0
008 - FIXED-LENGTH DATA ELEMENTS--GENERAL INFORMATION
fixed length control field 260313b |||||||| |||| 00| 0 eng d
020 ## - INTERNATIONAL STANDARD BOOK NUMBER
International Standard Book Number 9789370980945
080 ## - UNIVERSAL DECIMAL CLASSIFICATION NUMBER
Universal Decimal Classification number FM
Item number MEE/K
100 ## - MAIN ENTRY--PERSONAL NAME
Personal name Meera,K. R.
245 ## - TITLE STATEMENT
Title Kalachi(കലാച്ചി)
260 ## - PUBLICATION, DISTRIBUTION, ETC. (IMPRINT)
Name of publisher, distributor, etc D C books.
Place of publication, distribution, etc Kottayam.
Date of publication, distribution, etc 2025.
300 ## - PHYSICAL DESCRIPTION
Extent 416p.
653 ## - INDEX TERM--UNCONTROLLED
Uncontrolled term Fiction-Novel-Malayalam Literature
942 ## - ADDED ENTRY ELEMENTS (KOHA)
item type Books
Holdings
Lost status Source of classification or shelving scheme Not for loan Home library Current library Shelving location Date acquired Cost, normal purchase price Total Checkouts Full call number Barcode Date last seen Cost, replacement price Price effective from Koha item type
  Universal Decimal Classification Not For Loan University Library University Library On Display 02/03/2026 399.35   FM MEE/K 00097422 02/03/2026 599.00 02/03/2026 Books
University Library, CUSAT